[Event "Deutsche Ländermeisterschaft 2018"]
[Site "Würzburg GER"]
[Date "2018.10.04"]
[Round "3"]
[White "Riegel, Arinna"]
[Black "Zeuner, Ole"]
[Result "1-0"]
[Termination "normal"]
[Board "4.5"]
[WhiteElo "1881"]
[BlackElo "1865"]
[WhiteClock "00:02:00"]
[BlackClock "00:07:57"]
[WhiteTeam "Baden 2"]
[BlackTeam "Sachsen-Anhalt"]
[PlyCount "63"]
[WhiteFideId "12931446"]
[BlackFideId "12943576"]
[EventCountry "GER"]
[EventRounds "7"]
[EventType "team-swiss"]
[EventDate "2018.10.02"]

1. Nf3 {[%clk 1:30:57]} d5 {[%clk 1:30:44]} 2. g3 {[%clk 1:31:16]} g6 {[%clk
1:30:38]} 3. Bg2 {[%clk 1:31:35]} Bg7 {[%clk 1:30:50]} 4. d4 {[%clk 1:32:01]}
Nd7 {[%clk 1:30:30]} 5. O-O {[%clk 1:30:53]} Ngf6 {[%clk 1:30:30]} 6. Re1
{[%clk 1:24:24]} c5 {[%clk 1:26:12]} 7. c4 {[%clk 1:18:58]} O-O {[%clk
1:24:44]} 8. cxd5 {[%clk 1:07:48]} Nxd5 {[%clk 1:22:07]} 9. e4 {[%clk 1:06:57]}
Nb4 {[%clk 1:20:02]} 10. a3 {[%clk 0:55:46]} Nc6 {[%clk 1:19:40]} 11. d5 {[%clk
0:54:01]} Nd4 {[%clk 1:11:33]} 12. Nbd2 {[%clk 0:48:07]} Qb6 {[%clk 1:04:26]}
13. Rb1 {[%clk 0:44:58]} e6 {[%clk 1:00:44]} 14. Nxd4 {[%clk 0:40:44]} cxd4
{[%clk 1:00:46]} 15. Qb3 {[%clk 0:35:20]} exd5 {[%clk 0:56:03]} 16. Qxd5 {[%clk
0:33:23]} Ne5 {[%clk 0:52:52]} 17. Nc4 {[%clk 0:30:15]} Nxc4 {[%clk 0:53:04]}
18. Qxc4 {[%clk 0:30:44]} Be6 {[%clk 0:53:23]} 19. Qd3 {[%clk 0:29:25]} Rac8
{[%clk 0:51:08]} 20. Bf4 {[%clk 0:26:11]} Bc4 {[%clk 0:50:06]} 21. Qd2 {[%clk
0:26:10]} Qb3 {[%clk 0:46:03]} 22. Bh3 {[%clk 0:20:35]} Be6 {[%clk 0:38:28]}
23. Bxe6 {[%clk 0:16:51]} fxe6 {[%clk 0:34:25]} 24. e5 {[%clk 0:16:02]} Rfd8
{[%clk 0:29:04]} 25. Rbc1 {[%clk 0:15:17]} d3 {[%clk 0:27:10]} 26. Bg5 {[%clk
0:06:12]} Re8 {[%clk 0:22:52]} 27. Rcd1 {[%clk 0:02:12]} Rc2 {[%clk 0:12:21]}
28. Qxd3 {[%clk 0:02:35]} Qxb2 {[%clk 0:12:24]} 29. Rd2 {[%clk 0:01:00]} Rxd2
30. Bxd2 Bxe5 {[%clk 0:10:04]} 31. Qd7 {[%clk 0:01:42]} Kf8 {[%clk 0:07:57]}
32. Bb4+ {[%clk 0:02:00]} 1-0

[Event "Deutsche Ländermeisterschaft 2018"]
[Site "Würzburg GER"]
[Date "2018.10.04"]
[Round "3"]
[White "Muckle, Julius"]
[Black "Kuznecovs, Nikita"]
[Result "1-0"]
[Termination "normal"]
[Board "5.1"]
[WhiteTitle "FM"]
[WhiteElo "2348"]
[BlackElo "2186"]
[WhiteClock "00:23:50"]
[BlackClock "00:02:24"]
[WhiteTeam "Rheinland-Pfalz"]
[BlackTeam "Thüringen"]
[PlyCount "107"]
[WhiteFideId "12942430"]
[BlackFideId "11604557"]
[EventCountry "GER"]
[EventRounds "7"]
[EventType "team-swiss"]
[EventDate "2018.10.02"]

1. d4 {[%clk 1:30:58]} Nf6 {[%clk 1:30:51]} 2. c4 {[%clk 1:31:27]} e6 {[%clk
1:31:14]} 3. Nc3 {[%clk 1:31:54]} Bb4 {[%clk 1:31:39]} 4. e3 {[%clk 1:32:23]}
O-O {[%clk 1:32:01]} 5. Bd3 {[%clk 1:32:50]} c5 {[%clk 1:32:26]} 6. Nf3 {[%clk
1:33:08]} b6 {[%clk 1:32:51]} 7. O-O {[%clk 1:33:29]} Bb7 {[%clk 1:33:16]} 8.
a3 {[%clk 1:29:30]} Bxc3 {[%clk 1:33:40]} 9. bxc3 {[%clk 1:29:58]} d6 {[%clk
1:30:34]} 10. Qc2 {[%clk 1:26:43]} Bxf3 {[%clk 1:06:25]} 11. gxf3 {[%clk
1:27:12]} e5 {[%clk 1:06:48]} 12. a4 {[%clk 1:17:57]} h6 {[%clk 0:44:49]} 13.
a5 {[%clk 1:17:26]} cxd4 {[%clk 0:43:38]} 14. axb6 {[%clk 1:16:31]} Qxb6 {[%clk
0:44:03]} 15. Rb1 {[%clk 1:16:29]} Qc6 {[%clk 0:44:00]} 16. cxd4 {[%clk
1:15:57]} Qxf3 {[%clk 0:41:30]} 17. Be2 {[%clk 1:11:11]} Qc6 {[%clk 0:41:13]}
18. f4 {[%clk 1:03:24]} e4 {[%clk 0:26:14]} 19. Ba3 {[%clk 0:56:39]} Rc8 {[%clk
0:21:50]} 20. Qd2 {[%clk 0:48:58]} Nbd7 {[%clk 0:16:19]} 21. Qb4 {[%clk
0:46:36]} Nb6 {[%clk 0:13:53]} 22. Rfc1 {[%clk 0:44:17]} Qd7 {[%clk 0:14:01]}
23. Kg2 {[%clk 0:41:01]} d5 {[%clk 0:14:05]} 24. c5 {[%clk 0:35:31]} Nc4 {[%clk
0:14:29]} 25. Rb3 {[%clk 0:32:52]} Rab8 {[%clk 0:02:19]} 26. Qxb8 {[%clk
0:30:23]} Rxb8 {[%clk 0:02:47]} 27. Rxb8+ {[%clk 0:30:41]} Kh7 {[%clk 0:03:13]}
28. Rb3 {[%clk 0:30:44]} g5 {[%clk 0:02:21]} 29. fxg5 {[%clk 0:30:20]} Ng4
{[%clk 0:01:53]} 30. g6+ {[%clk 0:28:08]} Kxg6 {[%clk 0:01:17]} 31. Rg1 {[%clk
0:20:42]} Kh7 {[%clk 0:01:33]} 32. Bc1 {[%clk 0:20:50]} Qf5 {[%clk 0:01:28]}
33. Rf1 {[%clk 0:20:21]} Qh5 {[%clk 0:00:39]} 34. h3 {[%clk 0:18:34]} Ngxe3+
{[%clk 0:00:50]} 35. Rxe3 {[%clk 0:18:54]} Nxe3+ {[%clk 0:01:17]} 36. Kf2
{[%clk 0:19:19]} Qxh3 {[%clk 0:00:32]} 37. Bxe3 {[%clk 0:19:42]} f5 {[%clk
0:00:42]} 38. c6 {[%clk 0:19:25]} f4 {[%clk 0:00:32]} 39. Bxf4 {[%clk 0:19:42]}
Qh4+ {[%clk 0:00:31]} 40. Ke3 {[%clk 0:19:48]} Qh3+ {[%clk 0:00:43]} 41. Kd2
{[%clk 0:15:13]} Qa3 {[%clk 0:22:29]} 42. Rc1 {[%clk 0:45:25]} Qb4+ {[%clk
0:21:02]} 43. Ke3 {[%clk 0:44:44]} Qa3+ {[%clk 0:21:29]} 44. Kf2 {[%clk
0:45:01]} Qf8 {[%clk 0:21:56]} 45. Kg3 {[%clk 0:44:38]} Qa3+ {[%clk 0:17:57]}
46. Kg2 {[%clk 0:40:13]} e3 {[%clk 0:11:33]} 47. Rg1 {[%clk 0:25:19]} Qb2
{[%clk 0:09:33]} 48. Kf3 {[%clk 0:24:58]} Qxd4 {[%clk 0:09:45]} 49. c7 {[%clk
0:24:24]} Qe4+ {[%clk 0:08:05]} 50. Kg3 {[%clk 0:23:57]} Qc2 {[%clk 0:06:04]}
51. Bd3+ {[%clk 0:23:19]} Qxd3 {[%clk 0:06:27]} 52. c8=Q {[%clk 0:23:46]} Qg6+
{[%clk 0:02:13]} 53. Kh2 {[%clk 0:23:50]} Qc2+ {[%clk 0:02:24]} 54. Qxc2+ 1-0

[Event "Deutsche Ländermeisterschaft 2018"]
[Site "Würzburg GER"]
[Date "2018.10.04"]
[Round "3"]
[White "Nguyen, Huy Dat"]
[Black "Karsay, Pascal"]
[Result "1/2-1/2"]
[Termination "normal"]
[Board "5.2"]
[WhiteElo "2194"]
[BlackElo "2261"]
[WhiteClock "00:12:29"]
[BlackClock "00:30:22"]
[WhiteTeam "Thüringen"]
[BlackTeam "Rheinland-Pfalz"]
[PlyCount "51"]
[WhiteFideId "12923486"]
[BlackFideId "12953474"]
[EventCountry "GER"]
[EventRounds "7"]
[EventType "team-swiss"]
[EventDate "2018.10.02"]

1. e4 {[%clk 1:30:58]} e5 {[%clk 1:30:53]} 2. Nf3 {[%clk 1:31:09]} Nc6 {[%clk
1:31:17]} 3. Bb5 {[%clk 1:31:21]} Nf6 {[%clk 1:31:25]} 4. d3 {[%clk 1:31:43]}
d6 {[%clk 1:31:46]} 5. c3 {[%clk 1:29:07]} g6 {[%clk 1:31:57]} 6. O-O {[%clk
1:13:51]} Bg7 {[%clk 1:32:19]} 7. Bg5 {[%clk 1:10:45]} h6 {[%clk 1:32:02]} 8.
Bh4 {[%clk 1:09:50]} O-O {[%clk 1:31:47]} 9. Nbd2 {[%clk 1:07:16]} Bd7 {[%clk
1:30:45]} 10. Re1 {[%clk 1:00:55]} Qe8 {[%clk 1:24:35]} 11. Nf1 {[%clk
0:54:33]} Nh5 {[%clk 1:17:44]} 12. Ne3 {[%clk 0:51:13]} Nf4 {[%clk 1:12:16]}
13. Bg3 {[%clk 0:50:41]} Ne6 {[%clk 1:09:46]} 14. Nh4 {[%clk 0:42:07]} Ne7
{[%clk 1:06:18]} 15. Bc4 {[%clk 0:38:35]} c6 {[%clk 0:57:39]} 16. Bxe6 {[%clk
0:33:05]} Bxe6 {[%clk 0:55:56]} 17. d4 {[%clk 0:31:09]} Rd8 {[%clk 0:53:48]}
18. dxe5 {[%clk 0:22:11]} dxe5 {[%clk 0:54:11]} 19. Qe2 {[%clk 0:22:38]} f6
{[%clk 0:43:29]} 20. Nf3 {[%clk 0:19:27]} Qf7 {[%clk 0:42:29]} 21. b3 {[%clk
0:18:21]} Nc8 {[%clk 0:35:53]} 22. Rad1 {[%clk 0:12:53]} Nb6 {[%clk 0:35:08]}
23. Bh4 {[%clk 0:11:39]} a5 {[%clk 0:30:46]} 24. Rxd8 {[%clk 0:12:03]} Rxd8
{[%clk 0:31:11]} 25. Nxe5 {[%clk 0:12:29]} Qe8 {[%clk 0:30:22]} 26. Nf3 1/2-1/2

[Event "Deutsche Ländermeisterschaft 2018"]
[Site "Würzburg GER"]
[Date "2018.10.04"]
[Round "3"]
[White "Yankelevich, Michael"]
[Black "Philipp, Mathias"]
[Result "1/2-1/2"]
[Termination "normal"]
[Board "5.3"]
[WhiteElo "1961"]
[BlackElo "2076"]
[WhiteClock "00:38:38"]
[BlackClock "00:27:43"]
[WhiteTeam "Rheinland-Pfalz"]
[BlackTeam "Thüringen"]
[PlyCount "96"]
[WhiteFideId "12921440"]
[BlackFideId "12958883"]
[EventCountry "GER"]
[EventRounds "7"]
[EventType "team-swiss"]
[EventDate "2018.10.02"]

1. e4 {[%clk 1:30:55]} d6 {[%clk 1:30:54]} 2. d4 {[%clk 1:30:04]} Nf6 {[%clk
1:31:18]} 3. Nc3 {[%clk 1:30:12]} e5 {[%clk 1:31:43]} 4. Nf3 {[%clk 1:29:56]}
Nbd7 {[%clk 1:32:04]} 5. Bc4 {[%clk 1:28:01]} Be7 {[%clk 1:32:22]} 6. a4 {[%clk
1:26:03]} c6 {[%clk 1:32:36]} 7. Ba2 {[%clk 1:23:03]} a5 {[%clk 1:32:42]} 8.
O-O {[%clk 1:22:44]} h6 {[%clk 1:33:02]} 9. Qd3 {[%clk 1:21:52]} g5 {[%clk
1:27:56]} 10. Re1 {[%clk 1:21:12]} Qc7 {[%clk 1:27:59]} 11. Ne2 {[%clk
1:18:44]} Nf8 {[%clk 1:17:05]} 12. Ng3 {[%clk 1:14:06]} Rh7 {[%clk 1:15:24]}
13. Be3 {[%clk 1:09:36]} Ng4 {[%clk 1:06:08]} 14. Nf5 {[%clk 1:05:10]} Nxe3
{[%clk 1:06:26]} 15. Rxe3 {[%clk 1:05:09]} Bxf5 {[%clk 1:03:35]} 16. exf5
{[%clk 1:03:44]} f6 {[%clk 1:03:54]} 17. Rd1 {[%clk 1:02:36]} h5 {[%clk
0:54:35]} 18. Nd2 {[%clk 0:58:57]} d5 {[%clk 0:49:44]} 19. f3 {[%clk 0:56:33]}
O-O-O {[%clk 0:46:12]} 20. c3 {[%clk 0:55:40]} Bd6 {[%clk 0:44:40]} 21. Nf1
{[%clk 0:55:06]} Nd7 {[%clk 0:43:35]} 22. Re2 {[%clk 0:51:27]} g4 {[%clk
0:42:22]} 23. Kh1 {[%clk 0:50:31]} Rg7 {[%clk 0:39:13]} 24. Rb1 {[%clk
0:48:48]} gxf3 {[%clk 0:37:32]} 25. Qxf3 {[%clk 0:49:05]} Rg4 {[%clk 0:33:38]}
26. dxe5 {[%clk 0:47:07]} fxe5 {[%clk 0:31:59]} 27. Qh3 {[%clk 0:46:22]} Nf6
{[%clk 0:31:24]} 28. Bb3 {[%clk 0:45:34]} e4 {[%clk 0:26:35]} 29. Ne3 {[%clk
0:42:44]} Rg5 {[%clk 0:26:33]} 30. Rd1 {[%clk 0:41:00]} Be5 {[%clk 0:24:19]}
31. Bc2 {[%clk 0:35:51]} c5 {[%clk 0:20:27]} 32. Qh4 {[%clk 0:35:18]} Qg7
{[%clk 0:20:37]} 33. Nxd5 {[%clk 0:25:18]} Rxd5 {[%clk 0:15:54]} 34. Rxd5
{[%clk 0:25:08]} Nxd5 {[%clk 0:16:01]} 35. Qxe4 {[%clk 0:25:21]} Nf4 {[%clk
0:13:50]} 36. Qxe5 {[%clk 0:24:58]} Nxe2 {[%clk 0:13:03]} 37. Qxe2 {[%clk
0:25:23]} Kb8 {[%clk 0:12:51]} 38. Qf2 {[%clk 0:23:16]} Qf6 {[%clk 0:09:32]}
39. Qxc5 {[%clk 0:23:06]} Rg4 {[%clk 0:09:25]} 40. Qe3 {[%clk 0:22:01]} h4
{[%clk 0:08:25]} 41. Qe8+ {[%clk 0:13:18]} Ka7 {[%clk 0:06:43]} 42. Qe2 {[%clk
0:11:10]} Rg7 {[%clk 0:03:41]} 43. h3 {[%clk 0:10:25]} Re7 {[%clk 0:01:14]} 44.
Qf2+ {[%clk 0:10:47]} Ka8 {[%clk 0:00:55]} 45. Qd4 {[%clk 0:09:17]} Re1+ {[%clk
0:28:39]} 46. Kh2 {[%clk 0:40:16]} Qg5 {[%clk 0:27:47]} 47. Qh8+ {[%clk
0:38:09]} Ka7 {[%clk 0:28:07]} 48. Qd4+ {[%clk 0:38:38]} Ka8 {[%clk 0:27:43]}
1/2-1/2

[Event "Deutsche Ländermeisterschaft 2018"]
[Site "Würzburg GER"]
[Date "2018.10.04"]
[Round "3"]
[White "Grund, Sebastian"]
[Black "Musiolik, David"]
[Result "1-0"]
[Termination "normal"]
[Board "5.4"]
[WhiteElo "1992"]
[BlackElo "2057"]
[WhiteClock "00:07:04"]
[BlackClock "00:04:39"]
[WhiteTeam "Thüringen"]
[BlackTeam "Rheinland-Pfalz"]
[PlyCount "69"]
[WhiteFideId "12988626"]
[BlackFideId "12972355"]
[EventCountry "GER"]
[EventRounds "7"]
[EventType "team-swiss"]
[EventDate "2018.10.02"]

1. d4 {[%clk 1:30:57]} d5 {[%clk 1:30:55]} 2. Nf3 {[%clk 1:31:21]} Nf6 {[%clk
1:31:21]} 3. c4 {[%clk 1:31:45]} e6 {[%clk 1:31:49]} 4. g3 {[%clk 1:32:08]}
Bb4+ {[%clk 1:32:02]} 5. Bd2 {[%clk 1:32:32]} Be7 {[%clk 1:32:29]} 6. Bg2
{[%clk 1:32:55]} O-O {[%clk 1:32:51]} 7. O-O {[%clk 1:33:18]} Nbd7 {[%clk
1:33:20]} 8. Qc2 {[%clk 1:33:35]} Ne4 {[%clk 1:33:43]} 9. Nc3 {[%clk 1:33:03]}
Nxd2 {[%clk 1:33:40]} 10. Nxd2 {[%clk 1:32:07]} c6 {[%clk 1:31:01]} 11. e4
{[%clk 1:31:58]} dxc4 {[%clk 1:15:07]} 12. Nxc4 {[%clk 1:32:10]} Nb6 {[%clk
1:07:20]} 13. Nxb6 {[%clk 1:32:07]} Qxb6 {[%clk 1:03:57]} 14. Rfd1 {[%clk
1:31:50]} Rd8 {[%clk 0:59:58]} 15. Na4 {[%clk 1:26:21]} Qc7 {[%clk 0:57:06]}
16. Rac1 {[%clk 1:24:45]} Bf6 {[%clk 0:55:06]} 17. e5 {[%clk 1:15:04]} Be7
{[%clk 0:52:12]} 18. Be4 {[%clk 1:08:34]} g6 {[%clk 0:51:21]} 19. Bg2 {[%clk
1:01:21]} Bd7 {[%clk 0:47:53]} 20. Nc3 {[%clk 0:56:24]} Rac8 {[%clk 0:39:55]}
21. Ne4 {[%clk 0:53:38]} Qa5 {[%clk 0:38:08]} 22. Qe2 {[%clk 0:44:02]} Qxa2
{[%clk 0:30:46]} 23. Qf3 {[%clk 0:19:14]} Qa5 {[%clk 0:25:37]} 24. Qf4 {[%clk
0:15:27]} Kg7 {[%clk 0:22:50]} 25. Nf6 {[%clk 0:15:02]} Qb4 {[%clk 0:22:05]}
26. g4 {[%clk 0:09:54]} Bxf6 {[%clk 0:16:24]} 27. exf6+ {[%clk 0:09:49]} Kh8
{[%clk 0:14:04]} 28. Rc5 {[%clk 0:08:13]} b6 {[%clk 0:10:13]} 29. Qh6 {[%clk
0:08:11]} Rg8 {[%clk 0:09:37]} 30. Rh5 {[%clk 0:05:40]} gxh5 {[%clk 0:05:20]}
31. Be4 {[%clk 0:06:00]} Rxg4+ {[%clk 0:04:50]} 32. Kh1 {[%clk 0:06:14]} Kg8
{[%clk 0:03:43]} 33. Bxh7+ {[%clk 0:06:21]} Kh8 {[%clk 0:04:12]} 34. Bg6+
{[%clk 0:06:41]} Kg8 {[%clk 0:04:39]} 35. Qg7# {[%clk 0:07:04]} 1-0

[Event "Deutsche Ländermeisterschaft 2018"]
[Site "Würzburg GER"]
[Date "2018.10.04"]
[Round "3"]
[White "Ley, Sabrina"]
[Black "Ratay, Meike"]
[Result "0-1"]
[Termination "normal"]
[Board "5.5"]
[WhiteElo "1902"]
[BlackElo "1887"]
[WhiteClock "00:04:45"]
[BlackClock "00:10:50"]
[WhiteTeam "Rheinland-Pfalz"]
[BlackTeam "Thüringen"]
[PlyCount "52"]
[WhiteFideId "12938130"]
[BlackFideId "12977608"]
[EventCountry "GER"]
[EventRounds "7"]
[EventType "team-swiss"]
[EventDate "2018.10.02"]

1. d4 {[%clk 1:30:58]} Nf6 {[%clk 1:30:53]} 2. c4 {[%clk 1:31:23]} e6 {[%clk
1:31:18]} 3. Nc3 {[%clk 1:31:38]} Bb4 {[%clk 1:31:36]} 4. Qc2 {[%clk 1:31:55]}
O-O {[%clk 1:28:51]} 5. a3 {[%clk 1:32:12]} Bxc3+ {[%clk 1:28:27]} 6. Qxc3
{[%clk 1:32:36]} d5 {[%clk 1:20:46]} 7. Bg5 {[%clk 1:26:45]} dxc4 {[%clk
1:05:18]} 8. e3 {[%clk 1:13:04]} b5 {[%clk 0:57:42]} 9. a4 {[%clk 1:06:43]} c6
{[%clk 0:55:51]} 10. Be2 {[%clk 1:01:07]} Bb7 {[%clk 0:46:38]} 11. Bf3 {[%clk
0:59:00]} a6 {[%clk 0:45:55]} 12. Ne2 {[%clk 0:54:38]} Nbd7 {[%clk 0:44:36]}
13. O-O {[%clk 0:51:43]} h6 {[%clk 0:42:53]} 14. Bh4 {[%clk 0:50:07]} g5 {[%clk
0:42:18]} 15. Bg3 {[%clk 0:50:07]} g4 {[%clk 0:42:35]} 16. Bxg4 {[%clk
0:44:51]} Nxg4 {[%clk 0:42:44]} 17. e4 {[%clk 0:41:13]} c5 {[%clk 0:36:06]} 18.
Bd6 {[%clk 0:28:06]} Re8 {[%clk 0:30:22]} 19. Qh3 {[%clk 0:13:43]} Qg5 {[%clk
0:22:05]} 20. Ra3 {[%clk 0:13:15]} Bxe4 {[%clk 0:17:45]} 21. Rg3 {[%clk
0:12:07]} f5 {[%clk 0:11:55]} 22. Bf4 {[%clk 0:09:48]} Qf6 {[%clk 0:10:59]} 23.
f3 {[%clk 0:08:27]} Bd3 {[%clk 0:10:52]} 24. Re1 {[%clk 0:04:02]} Bxe2 {[%clk
0:10:11]} 25. Rxe2 {[%clk 0:04:24]} Qxd4+ {[%clk 0:10:33]} 26. Rf2 {[%clk
0:04:45]} Qxf2+ {[%clk 0:10:50]} 0-1

[Event "Deutsche Ländermeisterschaft 2018"]
[Site "Würzburg GER"]
[Date "2018.10.04"]
[Round "3"]
[White "Metzdorf, Matteo"]
[Black "Wagner, Margarethe"]
[Result "1-0"]
[Termination "normal"]
[Board "5.7"]
[WhiteElo "1806"]
[BlackElo "1643"]
[WhiteClock "00:12:37"]
[BlackClock "00:26:45"]
[WhiteTeam "Rheinland-Pfalz"]
[BlackTeam "Thüringen"]
[PlyCount "53"]
[WhiteFideId "16209869"]
[BlackFideId "16236947"]
[EventCountry "GER"]
[EventRounds "7"]
[EventType "team-swiss"]
[EventDate "2018.10.02"]

1. e4 {[%clk 1:30:56]} c5 {[%clk 1:30:55]} 2. Nc3 {[%clk 1:31:20]} a6 {[%clk
1:31:10]} 3. g3 {[%clk 1:31:39]} b5 {[%clk 1:30:42]} 4. Bg2 {[%clk 1:31:55]}
Bb7 {[%clk 1:30:22]} 5. d3 {[%clk 1:31:51]} e6 {[%clk 1:30:11]} 6. Nh3 {[%clk
1:31:35]} Be7 {[%clk 1:28:26]} 7. O-O {[%clk 1:27:47]} Nf6 {[%clk 1:26:58]} 8.
e5 {[%clk 1:20:38]} Nd5 {[%clk 1:24:28]} 9. Nxd5 {[%clk 1:20:17]} Bxd5 {[%clk
1:23:49]} 10. Bxd5 {[%clk 1:19:25]} exd5 {[%clk 1:24:06]} 11. Qg4 {[%clk
1:08:58]} g6 {[%clk 1:14:32]} 12. Qf3 {[%clk 1:00:35]} Nc6 {[%clk 1:11:51]} 13.
Re1 {[%clk 0:49:33]} Nd4 {[%clk 1:08:51]} 14. Qd1 {[%clk 0:49:38]} Ne6 {[%clk
1:03:17]} 15. f4 {[%clk 0:43:33]} Nd4 {[%clk 0:58:13]} 16. c3 {[%clk 0:38:03]}
Nf5 {[%clk 0:57:32]} 17. Qf3 {[%clk 0:37:55]} d4 {[%clk 0:57:12]} 18. Nf2
{[%clk 0:32:41]} O-O {[%clk 0:54:15]} 19. Ne4 {[%clk 0:30:07]} d5 {[%clk
0:51:29]} 20. exd6 {[%clk 0:24:36]} Bxd6 {[%clk 0:51:40]} 21. g4 {[%clk
0:23:41]} Ng7 {[%clk 0:49:32]} 22. f5 {[%clk 0:16:22]} Qh4 {[%clk 0:48:06]} 23.
Re2 {[%clk 0:14:41]} gxf5 {[%clk 0:34:29]} 24. gxf5 {[%clk 0:12:51]} Bc7 {[%clk
0:32:08]} 25. Bg5 {[%clk 0:12:19]} Bxh2+ {[%clk 0:26:32]} 26. Rxh2 {[%clk
0:12:18]} Qxh2+ {[%clk 0:26:45]} 27. Kxh2 {[%clk 0:12:37]} 1-0

[Event "Deutsche Ländermeisterschaft 2018"]
[Site "Würzburg GER"]
[Date "2018.10.04"]
[Round "3"]
[White "Leeb, Simon"]
[Black "Degenhard, Simon"]
[Result "0-1"]
[Termination "normal"]
[Board "6.1"]
[BlackTitle "FM"]
[WhiteElo "2203"]
[BlackElo "2235"]
[WhiteClock "00:13:16"]
[BlackClock "00:03:07"]
[WhiteTeam "Bayern 2"]
[BlackTeam "Württemberg 1"]
[PlyCount "158"]
[WhiteFideId "12924768"]
[BlackFideId "12944017"]
[EventCountry "GER"]
[EventRounds "7"]
[EventType "team-swiss"]
[EventDate "2018.10.02"]

1. d4 {[%clk 1:30:57]} Nf6 {[%clk 1:30:53]} 2. c4 {[%clk 1:31:21]} e6 {[%clk
1:31:17]} 3. Nf3 {[%clk 1:29:37]} d5 {[%clk 1:31:30]} 4. Nc3 {[%clk 1:29:23]}
c5 {[%clk 1:31:46]} 5. cxd5 {[%clk 1:28:51]} Nxd5 {[%clk 1:32:00]} 6. Qb3
{[%clk 1:24:22]} Nxc3 {[%clk 1:26:42]} 7. bxc3 {[%clk 1:24:33]} Nc6 {[%clk
1:26:56]} 8. e3 {[%clk 1:20:57]} Be7 {[%clk 1:27:02]} 9. Bd3 {[%clk 1:19:56]}
O-O {[%clk 1:27:00]} 10. Bb1 {[%clk 1:17:08]} b6 {[%clk 1:20:49]} 11. h4 {[%clk
1:08:03]} Qd7 {[%clk 1:12:08]} 12. Qd1 {[%clk 0:50:16]} f5 {[%clk 1:01:12]} 13.
O-O {[%clk 0:47:35]} Bb7 {[%clk 0:57:41]} 14. e4 {[%clk 0:43:15]} Rad8 {[%clk
0:54:02]} 15. Bb2 {[%clk 0:36:15]} cxd4 {[%clk 0:49:02]} 16. cxd4 {[%clk
0:35:37]} Bf6 {[%clk 0:48:23]} 17. exf5 {[%clk 0:29:33]} exf5 {[%clk 0:48:15]}
18. Qb3+ {[%clk 0:29:37]} Kh8 {[%clk 0:44:12]} 19. Ne5 {[%clk 0:27:28]} Nxe5
{[%clk 0:34:09]} 20. dxe5 {[%clk 0:27:54]} Bxh4 {[%clk 0:33:31]} 21. Qh3 {[%clk
0:26:24]} Be7 {[%clk 0:31:53]} 22. Bc2 {[%clk 0:25:34]} Qd2 {[%clk 0:27:44]}
23. Rac1 {[%clk 0:24:57]} Bc5 {[%clk 0:25:01]} 24. e6 {[%clk 0:21:31]} Rde8
{[%clk 0:21:16]} 25. Qg3 {[%clk 0:14:41]} Qh6 {[%clk 0:20:17]} 26. Rcd1 {[%clk
0:14:15]} Rxe6 {[%clk 0:16:52]} 27. Bxf5 {[%clk 0:13:17]} Rxf5 {[%clk 0:10:17]}
28. Qb8+ {[%clk 0:13:39]} Rf8 {[%clk 0:09:49]} 29. Rd8 {[%clk 0:12:29]} Kg8
{[%clk 0:09:22]} 30. Rxf8+ {[%clk 0:12:54]} Bxf8 {[%clk 0:09:46]} 31. Qxb7
{[%clk 0:13:20]} Re7 {[%clk 0:06:29]} 32. Qa8 {[%clk 0:11:54]} Qf4 {[%clk
0:04:49]} 33. Ba3 {[%clk 0:11:18]} Rd7 {[%clk 0:03:28]} 34. Re1 {[%clk
0:07:17]} Rd2 {[%clk 0:02:35]} 35. Qxf8+ {[%clk 0:05:06]} Qxf8 {[%clk 0:02:59]}
36. Bxf8 {[%clk 0:05:31]} Kxf8 {[%clk 0:03:25]} 37. a4 {[%clk 0:05:56]} Rd4
{[%clk 0:03:18]} 38. a5 {[%clk 0:05:31]} Rd7 {[%clk 0:01:44]} 39. Re6 {[%clk
0:03:06]} Kf7 {[%clk 0:01:23]} 40. Rc6 {[%clk 0:03:29]} Rb7 {[%clk 0:01:23]}
41. a6 {[%clk 0:28:19]} Re7 {[%clk 0:31:06]} 42. Rc8 {[%clk 0:28:16]} Ke6
{[%clk 0:31:17]} 43. Rb8 {[%clk 0:27:25]} Kd6 {[%clk 0:27:07]} 44. Kh2 {[%clk
0:27:32]} Rd7 {[%clk 0:27:08]} 45. f3 {[%clk 0:26:51]} Kc7 {[%clk 0:26:29]} 46.
Ra8 {[%clk 0:27:11]} Kc6 {[%clk 0:26:42]} 47. Rb8 {[%clk 0:27:36]} Rf7 {[%clk
0:14:05]} 48. Kg3 {[%clk 0:27:20]} h6 {[%clk 0:14:28]} 49. Kg4 {[%clk 0:26:36]}
Rd7 {[%clk 0:14:50]} 50. Kg3 {[%clk 0:24:07]} Rd6 {[%clk 0:06:50]} 51. Rb7
{[%clk 0:23:35]} Rd7 {[%clk 0:07:19]} 52. Rb8 {[%clk 0:23:56]} b5 {[%clk
0:07:29]} 53. Kh3 {[%clk 0:24:16]} Kc5 {[%clk 0:07:51]} 54. Rb7 {[%clk
0:24:40]} Kc6 {[%clk 0:08:19]} 55. Rb8 {[%clk 0:25:05]} g6 {[%clk 0:08:05]} 56.
Kg3 {[%clk 0:24:06]} Rd6 {[%clk 0:05:39]} 57. Rb7 {[%clk 0:24:24]} Rd7 {[%clk
0:06:06]} 58. Rb8 {[%clk 0:24:49]} h5 {[%clk 0:06:20]} 59. Kh3 {[%clk 0:20:17]}
Rd6 {[%clk 0:05:48]} 60. Rb7 {[%clk 0:20:42]} Rd7 {[%clk 0:06:15]} 61. Rb8
{[%clk 0:21:09]} Rd6 {[%clk 0:06:42]} 62. Rb7 {[%clk 0:21:33]} Kc5 {[%clk
0:07:07]} 63. Rxa7 {[%clk 0:21:46]} Kb4 {[%clk 0:05:56]} 64. Ra8 {[%clk
0:20:58]} Ka4 {[%clk 0:06:01]} 65. a7 {[%clk 0:20:01]} Ra6 {[%clk 0:05:11]} 66.
Kh4 {[%clk 0:20:27]} b4 {[%clk 0:05:02]} 67. Kg5 {[%clk 0:20:53]} b3 {[%clk
0:05:13]} 68. f4 {[%clk 0:20:36]} Ka3 {[%clk 0:04:31]} 69. g3 {[%clk 0:19:27]}
b2 {[%clk 0:03:42]} 70. Rb8 {[%clk 0:19:53]} Rxa7 {[%clk 0:03:40]} 71. Kxg6
{[%clk 0:20:19]} Ra4 {[%clk 0:03:14]} 72. Rxb2 {[%clk 0:19:35]} Kxb2 {[%clk
0:03:43]} 73. Kxh5 {[%clk 0:18:42]} Kc3 {[%clk 0:03:57]} 74. g4 {[%clk
0:12:51]} Kd4 {[%clk 0:02:15]} 75. Kg6 {[%clk 0:13:15]} Ra6+ {[%clk 0:02:23]}
76. Kf5 {[%clk 0:13:40]} Ra5+ {[%clk 0:02:05]} 77. Kf6 {[%clk 0:13:45]} Ke4
{[%clk 0:02:25]} 78. g5 {[%clk 0:14:11]} Ra6+ {[%clk 0:02:44]} 79. Kg7 {[%clk
0:13:16]} Kxf4 {[%clk 0:03:07]} 0-1